000 00635nam a2200229 i 4500
001 bg
100 1 _aGrzegorczyk, Wojciech
_c(nauki ekonomiczne).
245 1 0 _aMarketing bankowy /
_cWojciech Grzegorczyk.
260 _aBydgoszcz :
_b"Branta",
_c2004.
300 _a257 s. ;
_c24 cm.
504 _aBibliogr.
650 9 _aBanki
_xmarketing
655 _aPodręczniki
020 _a838907365X
040 _cBPK
041 0 _apol
080 _a336.71(07)
920 _a83-89073-65-X
942 _cKS
008 s pl f |000 0 pol
999 _c44189
_d44189
856 _uhttp://koha.tu.koszalin.pl/cgi-bin/koha/opac-detail.pl?biblionumber=44189
_yKatalog online BPK